ÚZEMIA DEVASTOVANÉ BANSKOU ŤAŽBOU

Bibliographic Details
Main Author: Mazúrek, Jaroslav, 1930- (Author)
Format: Article
Language:Slovak

MARC

LEADER 00000nab a2200000uu 4500
001 vtls010903790
003 SK-MaSNL
005 20260303201733.0
008 230127|1975 xo |||||||||||||||||slo|
015 |a SNBRB 
035 |a (urnnbn)urn:nbn:sk:snk:ar-a07rs7 
035 |a (uuid)2ab40efd-73d3-433f-94f6-d8d4c888eb12 
035 |a urn:nbn:sk:snk-ab8uqr 
040 |a SNKBUCL  |b slo  |c SNKBUCL  |e AACR2 
041 0 |a slo 
044 |a xo  |c SK 
100 1 |a Mazúrek, Jaroslav,  |d 1930-  |4 aut  |9 100369 
245 1 0 |a ÚZEMIA DEVASTOVANÉ BANSKOU ŤAŽBOU  |c Jaroslav Mazúrek 
773 0 |t Pamiatky a príroda : metodicko-odborný a informačný bulletin  |g Roč. 6, č. 4 (1975), s. 16-18 
954 |a odborná, vedecká literatúra pôvodná (slovenská)  |2 lita 
958 |a OND 
958 |a EUIPO 
958 |a article10 
999 |c 2175721  |d 2177651